Loading...
| Science - Biology | 3 | 3 | 2 | 0 | 65 | 29 | 63.00 | 1 | 5 | 26.65 | 42.05 |
| Literature - World | 0 | 6 | 0 | 0 | 60 | 93 | 109.17 | 1 | 5 | 12.99 | 37.50 |
| Literature - American | 0 | 6 | 0 | 1 | 60 | 111 | 121.67 | 0 | 1 | 10.51 | 26.14 |
| Fine Arts - Visual | 0 | 3 | 1 | 1 | 25 | 100 | 116.67 | 0 | 0 | 5.00 | 11.36 |
| Fine Arts - Other | 0 | 2 | 0 | 1 | 20 | 78 | 111.00 | 0 | 1 | 3.29 | 11.36 |
| Social Science | 1 | 0 | 0 | 0 | 15 | 58 | 58.00 | 0 | 1 | 5.50 | 8.75 |
| Literature - European | 0 | 2 | 1 | 0 | 15 | 78 | 91.50 | 1 | 1 | 5.64 | 10.23 |
| Pop Culture | 0 | 2 | 1 | 1 | 15 | 131 | 133.00 | 0 | 0 | 0.30 | 15.00 |
| Social Science- Edited | 0 | 1 | 0 | 0 | 10 | 78 | 78.00 | 0 | 1 | 33.33 | 50.00 |
| Mythology | 0 | 1 | 0 | 0 | 10 | 80 | 80.00 | 0 | 0 | 4.20 | 6.25 |
| Mythology- Edited | 0 | 1 | 0 | 0 | 10 | 110 | 110.00 | 0 | 1 | 20.86 | 75.00 |
| Religion | 0 | 2 | 2 | 0 | 10 | 86 | 105.00 | 0 | 1 | 4.69 | 15.00 |
| Science - Chemistry | 0 | 1 | 0 | 0 | 10 | 98 | 98.00 | 0 | 1 | 2.44 | 6.82 |
| Science - Physics | 0 | 1 | 0 | 0 | 10 | 70 | 70.00 | 0 | 0 | 4.16 | 5.68 |
| Science - Other | 0 | 1 | 1 | 0 | 5 | 92 | 92.00 | 0 | 0 | 2.75 | 4.55 |
| History - Other | 0 | 1 | 1 | 0 | 5 | 68 | 68.00 | 0 | 1 | 4.73 | 8.75 |
| Literature - British | 0 | 1 | 1 | 0 | 5 | 136 | 136.00 | 0 | 0 | 0.07 | 3.41 |
| History - World | 0 | 0 | 1 | 0 | -5 | 0.00 | 0 | 0 | 0.00 | 0.00 |